| 000 | 00448nam a2200181Ia 4500 | ||
|---|---|---|---|
| 005 | 20250603144414.0 | ||
| 008 | 250603s9999 xx 000 0 und d | ||
| 020 | _a1-932099-94-8 | ||
| 050 | _aBP 179 .B8413/ | ||
| 100 | _aBudak, Ali | ||
| 245 | 2 | _aA comprehensive guide fasting in Islam & the month of Ramadan | |
| 260 | _aNew Jersey | ||
| 260 | _bTughra Books | ||
| 260 | _c2006 | ||
| 300 | _a156 p | ||
| 650 | _aNew Jersey | ||
| 942 | _cBK | ||
| 999 |
_c38822 _d38822 |
||